000 004590000a22001810004500
020 _a84-7228-938-9
041 0 _aSPA
082 0 4 _aG 253.7 A694y
100 1 _aArgudo, Juan M.
245 1 0 _aYo, y la gran comisión / Juan M. Argudo
260 _aTerrassa, Barcelona, España : CLIE
300 _a114 Pag
001 6507
942 _cBK
999 _c36777
_d36777
336 _atexto
_btxt
_2rdacontent
337 _2rdamedia
_asin mediación
_bn
338 _2rdacarrier
_avolumen
_bnc